| 000 | 00656nam a22001697a 4500 | ||
|---|---|---|---|
| 999 |
_c523466 _d523466 |
||
| 003 | NUST | ||
| 038 | _aASAB | ||
| 082 | _aThesis 2017 | ||
| 100 |
_aDeeba Amraiz-Sup-Dr. Najam us-Sahar-Sadaf Zaidi _913897 |
||
| 245 |
_aTh-PhD-Study of Dengue virus DNA –dependent RNA polymerase protein and antiviral compounds testing _cDeeba Amraiz-Sup-Dr. Najam us-Sahar-Sadaf Zaidi |
||
| 260 |
_aIslamabad _bAtta ur Rahman School of Applied biosciences NUST Islamabad. _c2017 |
||
| 300 | _a133 P. ; | ||
| 610 |
_tIndustrial Biotechnology _913898 |
||
| 610 |
_tDengue _913899 |
||
| 610 |
_tRNA plymerase protein _vAntiviral compounds testing _913900 |
||
| 942 |
_2ddc _cTHE |
||